| 000 | 00690nam a22002297a 4500 | ||
|---|---|---|---|
| 003 | OSt | ||
| 005 | 20220107122745.0 | ||
| 008 | 130515b xxu||||| |||| 00| 0 eng d | ||
| 020 | _a9788126525935 | ||
| 040 | _cIIITMK | ||
| 082 | _a005.14 NAI/S | ||
| 100 |
_aNaik, Kshirasagar _9112 |
||
| 245 |
_aSoftware testing and quality assurance: _cby Kshirasagar Naik; Priyadarshi Tripathy _bTheory and practice |
||
| 260 |
_aNew Delhi, _bWiley, _c2012. |
||
| 300 | _axxix, 616p. | ||
| 650 |
_aCOMPUTER SCIENCE _9113 |
||
| 650 |
_aSOFTWARE ENGINEERING _9314 |
||
| 650 |
_aSOFTWARE TESTING _9114 |
||
| 650 |
_aQUALITY ASSURANCE _95138 |
||
| 700 |
_aTRipathy, Priyadarshi _95139 |
||
| 942 |
_2ddc _cBK |
||
| 999 |
_c4150 _d4150 |
||